000
00209nam a22000857a 4500
008
170118b xxu||||| |||| 00| 0 eng d
100
_9
2465
_a
Verma.S.
245
_a
Mathematics-VII
260
_a
New Delhi
_b
Prachi
_c
2010
999
_c
5526
_d
5526